00629nam a22001577a 4500008004100000020001500041040001500056050002600071100001900097245024400116260004400360300001100404650002500415700001600440700001500456190603b xxu||||| |||| 00| 0 eng d a8121923476 aKABUcKABU aTP155b.S56 2004 c. 1 aSinha, Shradha aS. Chand's introduction to engineering chemistryb[for B.E. / B. Tech. / B. Arch. students of first and second semester of all engineering colleges of U.P. (Unified syllabus) and other states of India]cShradha Sinha, Sudha Jain, S.S. Dara aNew DelhibS. Chand & Company LTDc2004 a296 p. aChemical engineering aJain, Sudha aDara, S.S.